1763 1976 1315 1722 1777 1755 1527 1440 1891 1058 1969 1374 1149 1619 1809 1239 1156 1079 1332 1832 1356 1658 1671 1206 1994 1200 1236 1040 1830 1947 1949 1210 1400 1576 1091 1840 1995 1330 1596 1228 1801 1551 1003 1423 1250 1472 1555 1304 1972 1686 1288 1510 1023 1949 1377 1209 1605 1214 1352 1442 1006 1802 1595 1517 1987 1630 1729 1558 1981 1373 1683 1535 1343 1898 1387 1297 1252 1956 1206 1414 1676 1467 1184 1157 1531 1523 1113 1503 1808 1151 1739 1589 1548 1838 1017 1947 1297 1098 1438 BCNSPRNW ULIB Ver.6.0+V

เปลี่ยนเป็นภาษาไทย

Change to English
 แสดงรายละเอียดบรรณานุกรม
  กลับหน้าหลัก

Brief Record : Get Marc (ISO 2709) : E-mail record : QR code < ปิดหน้าต่าง
LEADER : 00000nam 2200000uu 4500
001    13399112853
003     ULIB
008    110914s2552||||th 000 0 tha d
020    9786115000227
090    นว.^bณ429ร
100 0  ณารา
245 00 รอยฝันตะวันเดือด/^cณารา
250    พิมพ์ครั้งที่ 4
260    กรุงเทพฯ :^bพิมพ์คำ,^c2552
300    480 หน้า
710 1  พิมพ์คำ
945    ^p290^l0^i16998
995    กัณชพร
999    ^aใช้งานได้ทุกระบบ
รายการนี้ยังไม่มีแท็ก
คุณยังไม่ได้ล็อกอิน คุณสามารถมีกิจกรรมร่วมกับเว็บไซต์ได้ แต่ต้องล็อกอินก่อน ::
  ล็อกอิน

รายการสื่อสารสนเทศ

ลำดับที่ ประเภท เลขเรียก/บาร์โค้ด สถานที่ สถานะ
1. นวนิยาย
นวนิยาย
นว. ณ429ร  
  Barcode: 16998
ห้องสมุดวิทยาเขตสวรรค์ประชารักษ์
►นวนิยาย
บนชั้น
  ขอยืม

รายการใกล้เคียง
    ผู้แต่ง [ณารา]

BibComment


ยังไม่เคยถูกคอมเมนท์

คอมเมนท์ทรัพยากรรายการนี้
  คอมเมนท์: รอยฝันตะวันเดือด ..


 Copyright 2026. Bcnsprnw @Library